[Event "Titled Tuesday intern op 16th Apr Late"]
[Site "Chess.com INT"]
[Date "2024.04.16"]
[Round "6"]
[White "Murthy, Pappu LN"]
[Black "Rohwer, Paul"]
[Result "0-1"]
[WhiteElo "1893"]
[BlackElo "2225"]
[PlyCount "130"]
[EventDate "2024.04.16"]
[EventType "swiss (blitz)"]
[EventRounds "11"]
[EventCountry "USA"]
[SourceTitle "CB17_2024"]
[SourceDate "2024.04.24"]
[SourceVersion "1"]
[SourceVersionDate "2024.04.24"]
[SourceQuality "1"]

1. e4 c5 2. Nf3 d6 3. d4 cxd4 4. Nxd4 Nf6 5. Nc3 e5 6. Ndb5 a6 7. Na3 b5 8. Nd5 Bb7 9. Bg5 Be7 10. Bxf6 Bxf6 11. Be2 0-0 12. 0-0 Bg5 13. c3 Nd7 14. Nc2 Nf6 15. Nxf6+ Qxf6 16. Bf3 Rfd8 17. Ne3 Bxe3 18. fxe3 Qg6 19. Qc2 d5 20. Qb3 dxe4 21. Be2 Rd2 22. Rae1 Bd5 23. Qb4 Bc4 24. Rf2 Bxe2 25. Rfxe2 Rxe2 26. Rxe2 Rd8 27. g3 Qg4 28. Rf2 Qh3 29. Qb3 Rd7 30. Qc2 g6 31. b3 Rd3 32. Re2 Qg4 33. c4 Qf3 34. c5 Rxe3 35. Rxe3 Qxe3+ 36. Kg2 Qf3+ 37. Kh3 e3 38. c6 e2 39. c7 e1Q 40. c8Q+ Kg7 41. Qg4 Qef1+ 42. Kh4 Qxg4+ 43. Kxg4 h5+ 44. Kh4 Qf6+ 45. Kh3 Qf1+ 46. Kh4 Qf6+ 47. Kh3 Qe6+ 48. Kg2 g5 49. Qf2 f6 50. Qe2 Kg6 51. Kf2 e4 52. Kg2 f5 53. Qf2 Qe5 54. Qb6+ Qf6 55. Qe3 f4 56. Qxe4+ Qf5 57. Qc6+ Qf6 58. Qe4+ Kh6 59. Qe8 f3+ 60. Kf2 g4 61. Qe3+ Kg6 62. Qe4+ Qf5 63. Qe3 Kf6 64. Qd4+ Qe5 65. Qb6+ Kf5 0-1

[Event "Titled Tuesday intern op 06th Feb Early"]
[Site "Chess.com INT"]
[Date "2024.02.06"]
[Round "6"]
[White "Murthy, Pappu LN"]
[Black "Eggleston, Thomas"]
[Result "0-1"]
[WhiteElo "1821"]
[BlackElo "2188"]
[PlyCount "58"]
[EventDate "2024.02.06"]
[EventType "swiss (blitz)"]
[EventRounds "11"]
[EventCountry "USA"]
[SourceTitle "CB07_2024"]
[SourceDate "2024.02.14"]
[SourceVersion "1"]
[SourceVersionDate "2024.02.14"]
[SourceQuality "1"]

1. e4 e6 2. d4 d5 3. Nc3 Nf6 4. e5 Nfd7 5. f4 c5 6. Nf3 Nc6 7. Be3 Be7 8. Qd2 0-0 9. dxc5 Qa5 10. a3 Bxc5 11. Bxc5 Nxc5 12. 0-0-0 a6 13. Kb1 b5 14. b4 Qxa3 15. bxc5 b4 16. Na2 Rb8 17. Ka1 Na5 18. Nd4 Nc4 19. Qc1 Qa5 20. Nb3 Qa4 21. h4 Bd7 22. Rh3 Rb5 23. h5 h6 24. Rg3 Kh8 25. Bd3 Na5 26. Bxb5 axb5 27. f5 Ra8 28. Qb2 Nc4 29. Qc1 Qxa2# 0-1

[Event "Titled Tuesday intern op 06th Feb Early"]
[Site "Chess.com INT"]
[Date "2024.02.06"]
[Round "2"]
[White "Murthy, Pappu LN"]
[Black "Xie, Bryan"]
[Result "0-1"]
[WhiteElo "1821"]
[BlackElo "2266"]
[PlyCount "102"]
[EventDate "2024.02.06"]
[EventType "swiss (blitz)"]
[EventRounds "11"]
[EventCountry "USA"]
[SourceTitle "CB07_2024"]
[SourceDate "2024.02.14"]
[SourceVersion "1"]
[SourceVersionDate "2024.02.14"]
[SourceQuality "1"]

1. e4 c5 2. Nf3 e6 3. d4 cxd4 4. Nxd4 Nc6 5. Nc3 Qc7 6. a3 a6 7. Be3 b5 8. Qf3 Bb7 9. Bd3 Nf6 10. 0-0 Ne5 11. Qg3 d6 12. Rae1 h5 13. f4 Neg4 14. h3 h4 15. Qf3 Nxe3 16. Qxe3 Nh5 17. Nd5 exd5 18. exd5+ Be7 19. Nf5 Bxd5 20. Nxe7 Be6 21. Nd5 Qb7 22. Nb6 Rb8 23. f5 Qxb6 24. fxe6 f6 25. Bg6+ Ke7 26. Qxb6 Rxb6 27. Bxh5 Rxh5 28. Rf2 Re5 29. Rfe2 d5 30. Rxe5 fxe5 31. Rxe5 Rxe6 32. Rxd5 Re1+ 33. Kh2 Re2 34. Rc5 Kd6 35. Rc3 Kd5 36. Kg1 Rd2 37. Kf1 Ke4 38. Rc6 Ke3 39. Re6+ Kf4 40. Rc6 Kg3 41. Rc3+ Kh2 42. Rc6 Rxg2 43. Rxa6 Rxc2 44. b4 g5 45. a4 bxa4 46. Rxa4 Kxh3 47. b5 g4 48. Rb4 g3 49. Rb3 Kh2 50. b6 g2+ 51. Ke1 g1Q# 0-1

[Event "Titled Tuesday intern op 09th Jan Early"]
[Site "Chess.com INT"]
[Date "2024.01.09"]
[Round "5"]
[White "Dahlgren, James Allen"]
[Black "Murthy, Pappu LN"]
[Result "1-0"]
[WhiteElo "1770"]
[BlackElo "1821"]
[PlyCount "135"]
[EventDate "2024.01.09"]
[EventType "swiss (blitz)"]
[EventRounds "11"]
[EventCountry "USA"]
[SourceTitle "CB03_2024"]
[SourceDate "2024.01.17"]
[SourceVersion "1"]
[SourceVersionDate "2024.01.17"]
[SourceQuality "1"]

1. d3 d5 2. f4 Nc6 3. Nf3 d4 4. g3 Nf6 5. Bg2 g6 6. 0-0 Bg7 7. Nbd2 0-0 8. a4 a5 9. Nc4 Be6 10. Nce5 Nxe5 11. Nxe5 c6 12. e4 dxe3 13. Bxe3 Nd5 14. Bf2 Qc7 15. Qe2 Rad8 16. Rae1 Nb4 17. b3 Bd5 18. Bc5 Bxg2 19. Qxg2 Nd5 20. Nc4 b6 21. Bf2 c5 22. Re4 e6 23. h4 h5 24. Kh1 Rd7 25. Ne5 Bxe5 26. Rxe5 Rfd8 27. Be1 Qb7 28. Qe2 Kg7 29. Kh2 Nf6 30. Bc3 Ng4+ 31. Kg1 Rd4 32. Bxd4 cxd4 33. Qe4 Qc7 34. Rb5 Qxc2 35. Qg2 Qxg2+ 36. Kxg2 Ne3+ 37. Kf2 Nxf1 38. Kxf1 Rd6 39. Ke2 Kf6 40. Kf3 Ke7 41. Ke4 Kd7 42. Ke5 Ke7 43. b4 f6+ 44. Ke4 axb4 45. Rxb4 Rd5 46. Rxd4 f5+ 47. Ke3 Ra5 48. Rb4 Ra6 49. Kd4 Kd6 50. Kc4 e5 51. Kb5 Ra8 52. Kxb6 Rb8+ 53. Ka5 Ra8+ 54. Kb5 Rb8+ 55. Kc4 Rxb4+ 56. Kxb4 e4 57. dxe4 fxe4 58. Kc4 Ke6 59. Kd4 Kf5 60. Ke3 Kg4 61. a5 Kxg3 62. a6 Kxh4 63. a7 Kg3 64. a8Q h4 65. Qxe4 h3 66. Qh1 Kh4 67. Kf3 Kh5 68. Qxh3# 1-0

[Event "Titled Tuesday intern op 09th Jan Early"]
[Site "Chess.com INT"]
[Date "2024.01.09"]
[Round "2"]
[White "Goncalves, Samuel Jesus P"]
[Black "Murthy, Pappu LN"]
[Result "1-0"]
[WhiteElo "2208"]
[BlackElo "1821"]
[PlyCount "123"]
[EventDate "2024.01.09"]
[EventType "swiss (blitz)"]
[EventRounds "11"]
[EventCountry "USA"]
[SourceTitle "CB03_2024"]
[SourceDate "2024.01.17"]
[SourceVersion "1"]
[SourceVersionDate "2024.01.17"]
[SourceQuality "1"]

1. Nf3 Nf6 2. g3 d5 3. Bg2 e6 4. 0-0 Be7 5. c4 0-0 6. b3 c6 7. Bb2 b6 8. d4 Bb7 9. Nc3 Nbd7 10. Qd3 a6 11. e4 dxe4 12. Nxe4 Rc8 13. Rad1 c5 14. Nfg5 Nxe4 15. Nxe4 Bxe4 16. Qxe4 Nf6 17. Qb7 cxd4 18. Bxd4 Rb8 19. Qxa6 Qc7 20. Rfe1 Rfd8 21. Rd3 Bc5 22. Be5 Qc8 23. Rxd8+ Qxd8 24. Bxb8 Qxb8 25. Qa8 Qxa8 26. Bxa8 Kf8 27. Rd1 Ke7 28. Kg2 h6 29. h4 Ne8 30. Bf3 Nd6 31. g4 g5 32. hxg5 hxg5 33. Rh1 Ne8 34. Rh5 Bd6 35. Rxg5 Nf6 36. Rb5 Bc5 37. b4 Bd4 38. a4 Kd6 39. a5 Kc7 40. a6 Kb8 41. c5 Ka7 42. c6 Ne8 43. Be2 Nc7 44. Rh5 f6 45. Rh7 Be5 46. b5 Bd6 47. Kf3 Kb8 48. Rd7 Be5 49. Ke4 Kc8 50. f4 Bc3 51. a7 Na8 52. g5 fxg5 53. fxg5 e5 54. Rb7 Nc7 55. Rxc7+ Kxc7 56. a8Q Bd4 57. Qb7+ Kd6 58. g6 Kc5 59. g7 Bc3 60. g8Q Bb4 61. Qc4+ Kd6 62. Qd7# 1-0